|
|
|
|
| LEADER |
00000nam0a2200000 4500 |
| 001 |
109376 |
| 005 |
20231031120012.0 |
| 035 |
|
|
|a (RuTPU)RU\TPU\book\118086
|
| 090 |
|
|
|a 109376
|
| 100 |
|
|
|a 20070207d1970 k y0rusy50 ca
|
| 101 |
0 |
|
|a rus
|
| 102 |
|
|
|a RU
|
| 105 |
|
|
|a a j 001zy
|
| 200 |
1 |
|
|a Разработка месторождений радиоактивных руд
|e учебное пособие для втузов
|f Г. Н. Попов, Д. П. Лобанов
|
| 210 |
|
|
|a Москва
|c Атомиздат
|d 1970
|
| 215 |
|
|
|a 327 с.
|c ил.
|
| 320 |
|
|
|a Библиогр.: с. 321-323
|
| 610 |
1 |
|
|a урановые руды
|
| 610 |
1 |
|
|a добыча
|
| 610 |
1 |
|
|a запасы
|
| 610 |
1 |
|
|a характеристика
|
| 610 |
1 |
|
|a месторождения
|
| 610 |
1 |
|
|a разработка
|
| 610 |
1 |
|
|a способы
|
| 610 |
1 |
|
|a технико-экономические показатели
|
| 610 |
1 |
|
|a техника безопасности
|
| 610 |
1 |
|
|a учебные пособия
|
| 675 |
|
|
|a 622.349(075.8)
|v 3
|
| 700 |
|
1 |
|a Попов
|b Г. Н.
|g Георгий Николаевич
|
| 701 |
|
1 |
|a Лобанов
|b Д. П.
|
| 801 |
|
1 |
|a RU
|b 63413507
|c 20070207
|g PSBO
|
| 801 |
|
2 |
|a RU
|b 63413507
|c 20151130
|g PSBO
|
| 942 |
|
|
|c BK
|